000 00572nam a2200181Ia 4500
008 090124s9999 xx 000 0 und d
082 _b38516
100 _aशहा सुरेखा चंद्रगुप्त
245 _a जोहड
250 _a0
260 _bसुमेरु प्रकाशन
_c2002
300 _a240
600 _aशहा सुरेखा चंद्रगुप्त
630 _a जोहड
700 _aशहा सुरेखा चंद्रगुप्त
730 _a जोहड
942 _cBOOK
999 _c104536
_d104536